| 000 | 01371nam a2200337Ia 4500 | ||
|---|---|---|---|
| 001 | ebr10232682 | ||
| 003 | CaPaEBR | ||
| 006 | m u | ||
| 007 | cr cn||||||||| | ||
| 008 | 070827s2008 enka sb 001 0 eng d | ||
| 010 | _z 2007035540 | ||
| 020 | _z9780470019689 (pbk. : alk. paper) | ||
| 020 | _z0470019689 (pbk. : alk. paper) | ||
| 040 |
_aCaPaEBR _cCaPaEBR |
||
| 035 | _a(OCoLC)609989055 | ||
| 050 | 1 | 4 |
_aRD524 _b.M288 2008eb |
| 082 | 0 | 4 |
_a617.5/225091724 _222 |
| 245 | 0 | 0 |
_aManagement of cleft lip and palate in the developing world _h[electronic resource] / _cedited by Michael Mars, Debbie Sell, Alex Habel. |
| 260 |
_aChichester, England ; _aHoboken, NJ : _bJohn Wiley, _cc2008. |
||
| 300 |
_axii, 221 p. : _bill. |
||
| 504 | _aIncludes bibliographical references and index. | ||
| 533 |
_aElectronic reproduction. _bPalo Alto, Calif. : _cebrary, _d2009. _nAvailable via World Wide Web. _nAccess may be limited to ebrary affiliated libraries. |
||
| 650 | 0 |
_aCleft lip _zDeveloping countries. |
|
| 650 | 0 |
_aCleft palate _zDeveloping countries. |
|
| 655 | 7 |
_aElectronic books. _2local |
|
| 700 | 1 | _aMars, Michael. | |
| 700 | 1 |
_aSell, D. A. _q(Debbie A.) |
|
| 700 | 1 | _aHabel, Alex. | |
| 710 | 2 | _aebrary, Inc. | |
| 856 | 4 | 0 |
_uhttp://site.ebrary.com/lib/rucke/Doc?id=10232682 _zAn electronic book accessible through the World Wide Web; click to view |
| 999 |
_c37517 _d37517 |
||